[Event "Schaffhausen op"]
[Site "Schaffhausen"]
[Date "2023.03.12"]
[Round "4"]
[White "Aragonda, Sahasra"]
[Black "Mutapcija, Osman"]
[Result "0-1"]
[WhiteElo "1184"]
[BlackElo "1569"]
[PlyCount "58"]
[EventDate "2023.03.10"]
[EventType "swiss"]
[EventRounds "5"]
[EventCountry "SUI"]
[SourceTitle "EXT 2024"]
[Source "ChessBase"]
[SourceDate "2023.10.10"]
[SourceVersion "1"]
[SourceVersionDate "2023.10.10"]
[SourceQuality "1"]

1. e4 c5 2. c3 Nc6 3. d4 cxd4 4. cxd4 d5 5. exd5 Qxd5 6. Nf3 e6 7. Nc3 Qd8 8. Bf4 a6 9. Bc4 Nf6 10. 0-0 Be7 11. Bb3 0-0 12. Bc2 Nb4 13. a3 Nxc2 14. Qxc2 b5 15. Rad1 Bb7 16. Qe2 Nd5 17. Bg3 Nxc3 18. bxc3 Bxa3 19. Rb1 Bd5 20. Rfd1 Qc8 21. Qd3 Be7 22. Bf4 f6 23. Rdc1 Qc6 24. Bg3 Be4 25. Qe2 Bxb1 26. Rxb1 Rfd8 27. Rc1 Rac8 28. Rd1 Qd5 29. Ra1 Rc6 0-1

[Event "Schaffhausen op"]
[Site "Schaffhausen"]
[Date "2023.03.11"]
[Round "2"]
[White "Jelicic, Hugo"]
[Black "Mutapcija, Osman"]
[Result "1-0"]
[WhiteElo "1217"]
[BlackElo "1569"]
[PlyCount "63"]
[EventDate "2023.03.10"]
[EventType "swiss"]
[EventRounds "5"]
[EventCountry "SUI"]
[SourceTitle "EXT 2024"]
[Source "ChessBase"]
[SourceDate "2023.10.10"]
[SourceVersion "1"]
[SourceVersionDate "2023.10.10"]
[SourceQuality "1"]

1. d4 Nf6 2. c4 e6 3. Nf3 b6 4. g3 Bb7 5. Bg2 Be7 6. Nc3 0-0 7. 0-0 Ne4 8. Qc2 Nxc3 9. bxc3 f5 10. Rd1 Be4 11. Qb3 Na6 12. Ba3 c6 13. Ne5 Bxg2 14. Kxg2 Nc7 15. d5 exd5 16. cxd5 cxd5 17. c4 Bxa3 18. Qxa3 d6 19. Nc6 Qd7 20. cxd5 Nxd5 21. Rac1 Ne7 22. Rxd6 Qb7 23. Qb3+ Kh8 24. Kg1 Nxc6 25. Rcxc6 Rac8 26. Qe6 Rce8 27. Qc4 Re4 28. Rc7 Qb8 29. Qc3 Rg8 30. Rdd7 Qf8 31. Rf7 Qb4 32. Rxg7 1-0

[Event "Flims op 9th"]
[Site "Flims"]
[Date "2020.10.10"]
[Round "3"]
[White "Mutapcija, Osman"]
[Black "Farhat Willemstein, Stela Souza"]
[Result "0-1"]
[WhiteElo "1670"]
[BlackElo "1992"]
[PlyCount "118"]
[EventDate "2020.10.09"]
[EventType "swiss"]
[EventRounds "5"]
[EventCountry "SUI"]
[SourceTitle "CBM 198 Extra"]
[Source "ChessBase"]
[SourceDate "2020.11.30"]
[SourceVersion "1"]
[SourceVersionDate "2020.11.30"]
[SourceQuality "1"]

1. c4 b6 2. Nc3 Bb7 3. e4 c5 4. d3 Nc6 5. a3 e6 6. Be3 Nge7 7. Bg5 f6 8. Bh4 Nd4 9. Nf3 Nec6 10. Rb1 Nxf3+ 11. Qxf3 Nd4 12. Qd1 h5 13. f4 Bd6 14. Qd2 Qc7 15. Bf2 Bxf4 16. Qd1 Bxh2 17. Bxd4 cxd4 18. Ne2 Bg3+ 19. Kd2 Bf2 20. Kc2 Bc6 21. Nc1 h4 22. Qg4 Qg3 23. Qxg3 Bxg3 24. Ne2 Bf2 25. b4 Ba4+ 26. Kb2 Kf7 27. Nf4 g5 28. Nh3 Be3 29. Be2 d6 30. Rhf1 b5 31. Nf2 bxc4 32. dxc4 Bc6 33. Bd3 d5 34. exd5 exd5 35. b5 Rab8 36. Ng4 Bf4 37. a4 Bd7 38. Nf2 dxc4 39. Bxc4+ Be6 40. Bd3 Bd5 41. Ne4 h3 42. gxh3 Rxh3 43. Rbd1 Bxe4 44. Bxe4 Be5 45. Rc1 d3+ 46. Kb1 d2 47. Rc5 Bf4 48. Kc2 Ra3 49. Bd5+ Ke7 50. Bb3 Rd8 51. Rd1 Be5 52. Bd5 Rxa4 53. Rxd2 g4 54. Kb3 Ra1 55. Rc6 g3 56. Re6+ Kf8 57. Rxe5 fxe5 58. Kc4 Ke7 59. Rg2 Rc1+ 0-1

[Event "Wil Acrevis op 1st"]
[Site "Wil"]
[Date "2020.06.20"]
[Round "3"]
[White "Mattenberger, Dominik"]
[Black "Mutapcija, Osman"]
[Result "0-1"]
[WhiteElo "1310"]
[BlackElo "1696"]
[PlyCount "114"]
[EventDate "2020.06.19"]
[EventType "swiss"]
[EventRounds "5"]
[EventCountry "SUI"]
[SourceTitle "CBM 197 Extra"]
[Source "ChessBase"]
[SourceDate "2020.09.30"]
[SourceVersion "1"]
[SourceVersionDate "2020.09.30"]
[SourceQuality "1"]

1. d4 d5 2. c4 e6 3. Nc3 Nf6 4. cxd5 exd5 5. Bg5 Be7 6. e3 c6 7. Bd3 h6 8. Bh4 a5 9. Nge2 0-0 10. 0-0 Nh5 11. Bxe7 Qxe7 12. Rb1 Nf6 13. a3 b5 14. b4 a4 15. Ng3 Bg4 16. Qc2 Nbd7 17. Nce2 Rac8 18. h3 Be6 19. Nf4 Nb6 20. Nxe6 fxe6 21. Ne2 Nc4 22. Bxc4 dxc4 23. Nf4 Rfe8 24. Rbd1 Rcd8 25. Rfe1 Nd5 26. Ng6 Qc7 27. Ne5 Rf8 28. Ng4 Qf7 29. Ne5 Qe8 30. Rc1 Ne7 31. Qe2 Ng6 32. Qh5 Rf6 33. Nxg6 Rxg6 34. Qf3 Rf6 35. Qg3 Qf7 36. f4 Rd5 37. Qf3 g5 38. Qg3 Rg6 39. fxg5 Rgxg5 40. Qb8+ Kh7 41. Rf1 Rdf5 42. e4 Rxf1+ 43. Rxf1 Qg7 44. Qe8 Qxd4+ 45. Kh1 Qxe4 46. Rf7+ Rg7 47. Rxg7+ Kxg7 48. Qe7+ Kg6 49. Qe8+ Kg5 50. Qe7+ Kf4 51. Qf6+ Ke3 52. Qc3+ Qd3 53. Qe1+ Qe2 54. Qg3+ Kd2 55. Qf4+ Kc2 56. Qxh6 c3 57. Qg6+ Kb2 0-1